[Event "DSJ Weihnachtsturnier U16: Steinitz 2020"]
[Site ""]
[Date "2020.12.28"]
[Round "7"]
[White "Wunsch, Louis"]
[Black "Huber, Benedikt"]
[Result "1-0"]
[Termination "normal"]
[Board "9.1"]
[WhiteElo "1649"]
[BlackElo "1613"]
[WhiteTeam "SG Rochade Kuppenheim 1979"]
[BlackTeam "SK Kelheim 1920 2"]
[PlyCount "143"]
[WhiteFideId "34635777"]
[BlackFideId "16281225"]
[EventRounds "7"]
[EventType "team-swiss"]
[EventDate "2020.12.28"]

1. c4 {[%emt 0:00:09]} e5 {[%emt 0:00:02]} 2. g3 {[%emt 0:00:09]} Nf6 {[%emt
0:00:02]} 3. Bg2 {[%emt 0:00:18]} Nc6 {[%emt 0:00:02]} 4. Nc3 {[%emt 0:00:04]}
Bc5 {[%emt 0:00:02]} 5. e3 {[%emt 0:00:03]} d6 {[%emt 0:00:05]} 6. Nge2 { [%emt
0:00:02]} a6 {[%emt 0:00:05]} 7. O-O {[%emt 0:00:06]} O-O {[%emt 0:00:03] } 8.
a3 {[%emt 0:00:43]} Ba7 {[%emt 0:00:35]} 9. b4 {[%emt 0:00:08]} Rb8 { [%emt
0:00:13]} 10. d4 {[%emt 0:00:15]} exd4 {[%emt 0:00:16]} 11. Nxd4 { [%emt
0:00:09]} Bd7 {[%emt 0:00:19]} 12. Nxc6 {[%emt 0:00:34]} Bxc6 {[%emt 0:00:00]}
13. Bxc6 {[%emt 0:00:11]} bxc6 {[%emt 0:00:00]} 14. Bb2 {[%emt 0:00:04] } Re8
{[%emt 0:00:08]} 15. Qf3 {[%emt 0:00:03]} Qd7 {[%emt 0:00:46]} 16. Rad1 { [%emt
0:00:29]} Rbd8 {[%emt 0:00:40]} 17. c5 {[%emt 0:00:13]} Re6 {[%emt 0:00:28]}
18. Ne2 {[%emt 0:00:13]} Qe8 {[%emt 0:00:17]} 19. Nf4 {[%emt 0:00:11]} Re7
{[%emt 0:00:25]} 20. Bxf6 {[%emt 0:00:15]} gxf6 {[%emt 0:00:00]} 21. Qg4+ {
[%emt 0:00:09]} Kh8 {[%emt 0:00:07]} 22. Nh5 {[%emt 0:00:14]} Qg8 {[%emt
0:00:13]} 23. Nxf6 {[%emt 0:00:23]} Qxg4 {[%emt 0:00:03]} 24. Nxg4 {[%emt
0:00:00]} Ree8 {[%emt 0:00:09]} 25. Nh6 {[%emt 0:00:59]} Kg7 {[%emt 0:00:09]}
26. Nf5+ { [%emt 0:00:09]} Kf6 {[%emt 0:00:03]} 27. Nd4 {[%emt 0:00:27]} dxc5
{[%emt 0:00:19]} 28. Nxc6 {[%emt 0:00:18]} Rxd1 {[%emt 0:00:08]} 29. Rxd1
{[%emt 0:00:00]} Bb6 {[%emt 0:00:01]} 30. Kg2 {[%emt 0:00:15]} Re6 {[%emt
0:00:13]} 31. bxc5 { [%emt 0:00:16]} Bxc5 {[%emt 0:00:56]} 32. Nd4 {[%emt
0:00:10]} Rd6 {[%emt 0:00:07]} 33. Rc1 {[%emt 0:00:07]} Bxd4 {[%emt 0:00:17]}
34. exd4 {[%emt 0:00:05]} c6 {[%emt 0:00:05]} 35. Rc4 {[%emt 0:00:11]} Ke6
{[%emt 0:00:12]} 36. Kf3 { [%emt 0:00:09]} Kd5 {[%emt 0:00:19]} 37. Ra4 {[%emt
0:00:08]} c5 {[%emt 0:00:15]} 38. dxc5 {[%emt 0:00:10]} Kxc5 {[%emt 0:00:00]}
39. h4 {[%emt 0:00:35]} Kb5 {[%emt 0:00:06]} 40. Rb4+ {[%emt 0:00:04]} Ka5
{[%emt 0:00:02]} 41. Ke4 { [%emt 0:00:05]} Rf6 {[%emt 0:00:25]} 42. f4 {[%emt
0:00:05]} Re6+ {[%emt 0:00:05]} 43. Kf3 {[%emt 0:00:04]} Rc6 {[%emt 0:00:13]}
44. Rb7 {[%emt 0:00:19]} Rf6 {[%emt 0:00:06]} 45. g4 {[%emt 0:00:07]} Ka4
{[%emt 0:00:18]} 46. g5 {[%emt 0:00:06]} Rf5 {[%emt 0:00:07]} 47. Kg4 {[%emt
0:00:07]} Rc5 {[%emt 0:00:04]} 48. Rxf7 {[%emt 0:00:06]} Kxa3 {[%emt 0:00:02]}
49. Ra7 {[%emt 0:00:02]} a5 { [%emt 0:00:01]} 50. f5 {[%emt 0:00:03]} a4 {[%emt
0:00:02]} 51. f6 {[%emt 0:00:02]} Kb4 {[%emt 0:00:07]} 52. f7 {[%emt 0:00:12]}
Rc8 {[%emt 0:00:01]} 53. Kh5 {[%emt 0:00:02]} a3 {[%emt 0:00:06]} 54. Kh6
{[%emt 0:00:01]} Kb3 {[%emt 0:00:02]} 55. Kg7 {[%emt 0:00:03]} a2 {[%emt
0:00:03]} 56. f8=Q {[%emt 0:00:03]} Rxf8 {[%emt 0:00:00]} 57. Kxf8 {[%emt
0:00:02]} Kb2 {[%emt 0:00:00]} 58. Rxa2+ {[%emt 0:00:02]} Kxa2 {[%emt 0:00:01]}
59. Kg7 {[%emt 0:00:01]} Kb3 {[%emt 0:00:00]} 60. Kxh7 {[%emt 0:00:01]} Kc4
{[%emt 0:00:00]} 61. g6 {[%emt 0:00:01]} Kd4 {[%emt 0:00:00]} 62. g7 {[%emt
0:00:00]} Ke4 {[%emt 0:00:00]} 63. g8=Q { [%emt 0:00:01]} Kd3 {[%emt 0:00:00]}
64. Qe6 {[%emt 0:00:03]} Kd4 {[%emt 0:00:00]} 65. Kg6 {[%emt 0:00:01]} Kc5
{[%emt 0:00:00]} 66. Kf5 {[%emt 0:00:01]} Kb4 {[%emt 0:00:00]} 67. Qd5 {[%emt
0:00:01]} Kc3 {[%emt 0:00:01]} 68. Ke4 { [%emt 0:00:01]} Kb4 {[%emt 0:00:00]}
69. Kd4 {[%emt 0:00:03]} Ka3 {[%emt 0:00:01]} 70. Qb5 {[%emt 0:00:03]} Ka2
{[%emt 0:00:01]} 71. Kc3 {[%emt 0:00:01]} Ka1 {[%emt 0:00:00]} 72. Qb2# {[%emt
0:00:01]} 1-0

[Event "DSJ Weihnachtsturnier U16: Steinitz 2020"]
[Site ""]
[Date "2020.12.28"]
[Round "7"]
[White "Bangsa, Citra"]
[Black "Gottwald, Patrick"]
[Result "1-0"]
[Termination "normal"]
[Board "9.2"]
[WhiteElo "1398"]
[BlackElo "1526"]
[WhiteTeam "SK Kelheim 1920 2"]
[BlackTeam "SG Rochade Kuppenheim 1979"]
[PlyCount "117"]
[WhiteFideId "34605274"]
[BlackFideId "34645969"]
[EventRounds "7"]
[EventType "team-swiss"]
[EventDate "2020.12.28"]

1. e4 {[%emt 0:00:07] Kuppenhm002 kibitzing!? Kuppenhm002 reconnected.} c6 {
[%emt 0:00:38]} 2. d4 {[%emt 0:00:06]} d5 {[%emt 0:00:02]} 3. Nc3 {[%emt
0:00:05]} dxe4 {[%emt 0:00:02]} 4. Nxe4 {[%emt 0:00:02]} Nf6 {[%emt 0:00:00]}
5. Nxf6+ {[%emt 0:00:02]} exf6 {[%emt 0:00:00]} 6. Nf3 {[%emt 0:00:03]} Bd6 {
[%emt 0:00:01]} 7. Bc4 {[%emt 0:00:03]} O-O {[%emt 0:00:01]} 8. O-O {[%emt
0:00:02]} Re8 {[%emt 0:00:09]} 9. h3 {[%emt 0:00:25]} Be6 {[%emt 0:00:10]} 10.
Bd3 {[%emt 0:00:21]} Nd7 {[%emt 0:00:27]} 11. c4 {[%emt 0:00:18]} b6 {[%emt
0:00:20]} 12. Qc2 {[%emt 0:00:07]} h6 {[%emt 0:00:17]} 13. Bh7+ {[%emt
0:00:20]} Kh8 {[%emt 0:00:04]} 14. Nh4 {[%emt 0:00:17]} Bxc4 {[%emt 0:00:37]}
15. Qxc4 { [%emt 0:00:17]} Kxh7 {[%emt 0:00:07]} 16. Qxf7 {[%emt 0:00:02]} Re7
{[%emt 0:00:29]} 17. Qg6+ {[%emt 0:00:16]} Kh8 {[%emt 0:00:12]} 18. Nf5 {[%emt
0:00:08]} Nf8 {[%emt 0:00:14]} 19. Qg4 {[%emt 0:00:22]} Rf7 {[%emt 0:00:23]}
20. Qh5 { [%emt 0:00:12]} g6 {[%emt 0:01:02]} 21. Nxh6 {[%emt 0:00:23]} Rh7
{[%emt 0:00:37]} 22. Nf7+ {[%emt 0:00:11]} Kg8 {[%emt 0:00:07]} 23. Qxh7+
{[%emt 0:00:06]} Nxh7 {[%emt 0:00:10]} 24. Nxd8 {[%emt 0:00:02]} Rxd8 {[%emt
0:00:01]} 25. Be3 { [%emt 0:00:07]} Kf7 {[%emt 0:00:21]} 26. Rac1 {[%emt
0:00:03]} Rc8 {[%emt 0:00:12]} 27. a3 {[%emt 0:00:12]} Ke6 {[%emt 0:00:09]} 28.
Rfd1 {[%emt 0:00:18]} Nf8 {[%emt 0:00:16]} 29. d5+ {[%emt 0:00:03]} Kd7 {[%emt
0:00:23]} 30. dxc6+ { [%emt 0:00:21]} Rxc6 {[%emt 0:00:00]} 31. Rxc6 {[%emt
0:00:03]} Kxc6 {[%emt 0:00:02]} 32. a4 {[%emt 0:00:07]} Ne6 {[%emt 0:00:05]}
33. b3 {[%emt 0:00:19]} Nc7 {[%emt 0:00:16]} 34. f3 {[%emt 0:00:35]} Nd5 {[%emt
0:00:04]} 35. Kf2 { [%emt 0:00:13]} Bg3+ {[%emt 0:00:25]} 36. Kxg3 {[%emt
0:00:47]} Nxe3 {[%emt 0:00:02]} 37. Rd3 {[%emt 0:00:16]} Nf5+ {[%emt 0:00:11]}
38. Kf4 {[%emt 0:00:08]} Nh4 {[%emt 0:00:09]} 39. g3 {[%emt 0:00:21]} Ng2+
{[%emt 0:00:06]} 40. Ke4 { [%emt 0:00:12]} Ne1 {[%emt 0:00:04]} 41. Rd2 {[%emt
0:00:16]} Kc5 {[%emt 0:00:25]} 42. Rd4 {[%emt 0:00:24]} Kc6 {[%emt 0:00:27]}
43. Rc4+ {[%emt 0:00:18]} Kb7 {[%emt 0:00:06]} 44. Ke3 {[%emt 0:00:21]} a6
{[%emt 0:00:23]} 45. Ke2 { [%emt 0:00:05]} b5 {[%emt 0:00:06]} 46. axb5 {[%emt
0:00:10]} axb5 {[%emt 0:00:02]} 47. Rc1 {[%emt 0:00:03]} Ng2 {[%emt 0:00:07]}
48. Kf2 {[%emt 0:00:03] Kuppenhm002 offers a draw} Kb6 {[%emt 0:00:17]} 49.
Kxg2 {[%emt 0:00:02]} Ka5 { [%emt 0:00:02]} 50. Kf2 {[%emt 0:00:04]} Kb4 {[%emt
0:00:02]} 51. Rc6 {[%emt 0:00:13]} Kxb3 {[%emt 0:00:04]} 52. Rxf6 {[%emt
0:00:02]} b4 {[%emt 0:00:01]} 53. Rxg6 {[%emt 0:00:02]} Kb2 {[%emt 0:00:01]}
54. Rb6 {[%emt 0:00:01]} b3 { [%emt 0:00:01]} 55. Ke2 {[%emt 0:00:02]} Kc2
{[%emt 0:00:02]} 56. f4 {[%emt 0:00:05]} b2 {[%emt 0:00:01]} 57. Rxb2+ {[%emt
0:00:02]} Kxb2 {[%emt 0:00:01]} 58. f5 {[%emt 0:00:01]} Kc3 {[%emt 0:00:00]}
59. Ke3 {[%emt 0:00:03]} 1-0

[Event "DSJ Weihnachtsturnier U16: Steinitz 2020"]
[Site ""]
[Date "2020.12.28"]
[Round "7"]
[White "Neumeier, Leonhard"]
[Black "Kraus, Joel"]
[Result "1-0"]
[Termination "normal"]
[Board "9.4"]
[WhiteElo "1028"]
[BlackElo "1291"]
[WhiteTeam "SK Kelheim 1920 2"]
[BlackTeam "SG Rochade Kuppenheim 1979"]
[PlyCount "75"]
[WhiteFideId "34650822"]
[EventRounds "7"]
[EventType "team-swiss"]
[EventDate "2020.12.28"]

1. e4 {[%emt 0:00:02]} e5 {[%emt 0:00:05]} 2. Nf3 {[%emt 0:00:01]} Nc6 { [%emt
0:00:03]} 3. Bc4 {[%emt 0:00:01]} Bc5 {[%emt 0:00:07]} 4. c3 {[%emt 0:00:01]}
Nf6 {[%emt 0:00:08]} 5. d4 {[%emt 0:00:01]} Nxe4 {[%emt 0:00:07]} 6. dxc5
{[%emt 0:00:03]} Qf6 {[%emt 0:00:24]} 7. O-O {[%emt 0:00:11]} d6 {[%emt
0:00:12]} 8. cxd6 {[%emt 0:00:02]} cxd6 {[%emt 0:00:03]} 9. Qd5 {[%emt
0:00:21]} Qg6 {[%emt 0:00:10]} 10. Nh4 {[%emt 0:00:12]} Qe6 {[%emt 0:00:19]}
11. Qxe4 { [%emt 0:00:07]} O-O {[%emt 0:00:21]} 12. Bxe6 {[%emt 0:00:02]} Bxe6
{[%emt 0:00:04]} 13. Nd2 {[%emt 0:00:15]} d5 {[%emt 0:00:05]} 14. Qd3 {[%emt
0:00:07]} e4 {[%emt 0:00:20]} 15. Qg3 {[%emt 0:00:11]} Rad8 {[%emt 0:00:20]}
16. Nb3 { [%emt 0:00:19]} d4 {[%emt 0:00:32]} 17. cxd4 {[%emt 0:00:04]} Bc4
{[%emt 0:00:06]} 18. Bh6 {[%emt 0:00:09]} g6 {[%emt 0:00:08]} 19. Bxf8 {[%emt
0:00:07]} Bxf1 {[%emt 0:00:03]} 20. Kxf1 {[%emt 0:00:02]} Rxf8 {[%emt 0:00:07]}
21. d5 { [%emt 0:00:05]} Nb4 {[%emt 0:00:10]} 22. Qe5 {[%emt 0:00:12]} Rc8
{[%emt 0:00:31]} 23. Qxe4 {[%emt 0:00:07]} Nc2 {[%emt 0:00:06]} 24. Rc1 {[%emt
0:00:11]} f5 {[%emt 0:00:07]} 25. Qxc2 {[%emt 0:00:06]} Rxc2 {[%emt 0:00:05]}
26. Rxc2 { [%emt 0:00:01]} b5 {[%emt 0:00:04]} 27. d6 {[%emt 0:00:01]} Kf7
{[%emt 0:00:06] } 28. Re2 {[%emt 0:00:01]} g5 {[%emt 0:00:03]} 29. Nxf5 {[%emt
0:00:01]} b4 { [%emt 0:00:03]} 30. d7 {[%emt 0:00:01]} a5 {[%emt 0:00:03]} 31.
d8=Q {[%emt 0:00:02]} a4 {[%emt 0:00:04]} 32. Qe7+ {[%emt 0:00:03]} Kg6 {[%emt
0:00:02]} 33. Nbd4 {[%emt 0:00:13]} b3 {[%emt 0:00:03]} 34. axb3 {[%emt
0:00:02]} axb3 { [%emt 0:00:02]} 35. Re6+ {[%emt 0:00:09]} Kh5 {[%emt 0:00:04]}
36. Ng7+ { [%emt 0:00:03]} Kh4 {[%emt 0:00:07]} 37. Rh6+ {[%emt 0:00:03]} Kg4
{[%emt 0:00:02]} 38. Qe4# {[%emt 0:00:03]} 1-0

[Event "DSJ Weihnachtsturnier U16: Steinitz 2020"]
[Site ""]
[Date "2020.12.28"]
[Round "7"]
[White "Werner, Rosalie"]
[Black "Wehrstedt, Raphael"]
[Result "0-1"]
[Termination "normal"]
[Board "10.1"]
[WhiteElo "1751"]
[BlackElo "1592"]
[WhiteTeam "VSG 1880 Offenbach"]
[BlackTeam "SK Johanneum Eppendorf"]
[PlyCount "88"]
[WhiteFideId "16223748"]
[BlackFideId "34613781"]
[EventRounds "7"]
[EventType "team-swiss"]
[EventDate "2020.12.28"]

1. e4 {[%emt 0:00:03]} e6 {[%emt 0:00:06]} 2. d4 {[%emt 0:00:04]} d5 {[%emt
0:00:00]} 3. Nd2 {[%emt 0:00:04]} Nf6 {[%emt 0:00:03]} 4. e5 {[%emt 0:00:01]}
Nfd7 {[%emt 0:00:01]} 5. Bd3 {[%emt 0:00:04]} c5 {[%emt 0:00:01]} 6. c3 { [%emt
0:00:02]} Nc6 {[%emt 0:00:02]} 7. Ne2 {[%emt 0:00:03]} cxd4 {[%emt 0:00:02]} 8.
cxd4 {[%emt 0:00:04]} f6 {[%emt 0:00:01]} 9. exf6 {[%emt 0:00:02]} Nxf6 {[%emt
0:00:00]} 10. Nf3 {[%emt 0:00:03]} Bd6 {[%emt 0:00:04]} 11. O-O { [%emt
0:00:03]} O-O {[%emt 0:00:01]} 12. Bf4 {[%emt 0:00:02]} Bxf4 {[%emt 0:00:13]}
13. Nxf4 {[%emt 0:00:00]} Ne4 {[%emt 0:00:01]} 14. g3 {[%emt 0:00:40]} Bd7
{[%emt 0:00:24]} 15. Rc1 {[%emt 0:00:13]} Rxf4 {[%emt 0:02:37]} 16. gxf4 {
[%emt 0:00:11]} Qf6 {[%emt 0:00:15]} 17. Bxe4 {[%emt 0:00:16]} dxe4 {[%emt
0:00:06]} 18. Ne5 {[%emt 0:00:02] Offenba3-001 reconnected.} Nxe5 {[%emt
0:01:26] } 19. fxe5 {[%emt 0:00:14]} Qg5+ {[%emt 0:00:36]} 20. Kh1 {[%emt
0:00:04]} Bc6 {[%emt 0:00:10]} 21. Rxc6 {[%emt 0:00:18]} bxc6 {[%emt 0:00:02]}
22. Qb3 { [%emt 0:00:01]} Qf5 {[%emt 0:00:15]} 23. Qg3 {[%emt 0:00:12]} Rf8
{[%emt 0:01:30]} 24. Rg1 {[%emt 0:00:08]} Qf3+ {[%emt 0:00:12]} 25. Qxf3 {[%emt
0:00:02]} Rxf3 {[%emt 0:00:00]} 26. Kg2 {[%emt 0:00:03]} Rd3 {[%emt 0:00:04]}
27. Rc1 { [%emt 0:00:08]} Rxd4 {[%emt 0:00:11]} 28. Rxc6 {[%emt 0:00:02]} Rd2
{[%emt 0:01:15]} 29. Rc7 {[%emt 0:00:36]} e3 {[%emt 0:00:16]} 30. Kf1 {[%emt
0:00:05]} Rxf2+ {[%emt 0:00:17]} 31. Ke1 {[%emt 0:00:02]} Rxh2 {[%emt 0:00:41]}
32. Rxa7 {[%emt 0:00:04]} Rxb2 {[%emt 0:00:02]} 33. a4 {[%emt 0:00:04]} g5
{[%emt 0:00:02]} 34. Re7 {[%emt 0:00:19]} g4 {[%emt 0:00:03]} 35. Rd7 {[%emt
0:00:33]} g3 { [%emt 0:00:03]} 36. Rd4 {[%emt 0:00:05]} g2 {[%emt 0:00:04]} 37.
Rg4+ {[%emt 0:00:02]} Kf7 {[%emt 0:00:01]} 38. a5 {[%emt 0:00:07]} h5 {[%emt
0:00:02]} 39. Rg3 {[%emt 0:00:02]} h4 {[%emt 0:00:02]} 40. Rg4 {[%emt 0:00:08]}
h3 {[%emt 0:00:02] '} 41. a6 {[%emt 0:00:10]} h2 {[%emt 0:00:01]} 42. Rf4+
{[%emt 0:00:06]} Ke7 {[%emt 0:00:05] '} 43. a7 {[%emt 0:00:14]} h1=Q+ {[%emt
0:00:02]} 44. Rf1 { [%emt 0:00:05]} Qxf1# {[%emt 0:00:00]} 0-1

[Event "DSJ Weihnachtsturnier U16: Steinitz 2020"]
[Site ""]
[Date "2020.12.28"]
[Round "7"]
[White "Bergmann, Lennart"]
[Black "Winterstein, Fabio"]
[Result "1-0"]
[Termination "normal"]
[Board "10.3"]
[WhiteElo "1505"]
[BlackElo "1558"]
[WhiteTeam "VSG 1880 Offenbach"]
[BlackTeam "SK Johanneum Eppendorf"]
[PlyCount "127"]
[WhiteFideId "16270657"]
[EventRounds "7"]
[EventType "team-swiss"]
[EventDate "2020.12.28"]

1. e4 {[%emt 0:00:06]} c5 {[%emt 0:00:02]} 2. Nf3 {[%emt 0:00:02]} Nc6 { [%emt
0:00:01]} 3. d4 {[%emt 0:00:01]} cxd4 {[%emt 0:00:01]} 4. Nxd4 {[%emt 0:00:01]}
g6 {[%emt 0:00:01]} 5. c4 {[%emt 0:00:02]} Bg7 {[%emt 0:00:01]} 6. Be3 {[%emt
0:00:01]} Nf6 {[%emt 0:00:08]} 7. Nc3 {[%emt 0:00:02]} d6 {[%emt 0:00:01]} 8.
Be2 {[%emt 0:00:03]} O-O {[%emt 0:00:02]} 9. O-O {[%emt 0:00:01]} Bd7 { [%emt
0:00:03]} 10. Qd2 {[%emt 0:00:06]} Ng4 {[%emt 0:00:10]} 11. Bxg4 { [%emt
0:00:30]} Bxg4 {[%emt 0:00:02]} 12. f3 {[%emt 0:00:05]} Bd7 {[%emt 0:00:02]}
13. Nb3 {[%emt 0:00:13]} Rc8 {[%emt 0:00:59]} 14. Rac1 {[%emt 0:00:16]} Ne5
{[%emt 0:00:14]} 15. c5 {[%emt 0:00:46]} dxc5 {[%emt 0:00:25]} 16. Nxc5 { [%emt
0:00:10]} Qc7 {[%emt 0:01:18]} 17. Nd5 {[%emt 0:00:28]} Qd6 {[%emt 0:01:59]}
18. Nxb7 {[%emt 0:00:27]} Qa6 {[%emt 0:00:40]} 19. Nxe7+ {[%emt 0:00:22]} Kh8
{[%emt 0:00:14]} 20. Nxc8 {[%emt 0:00:03]} Bxc8 {[%emt 0:00:13]} 21. Nc5 {
[%emt 0:01:25]} Qxa2 {[%emt 0:00:16]} 22. b3 {[%emt 0:00:26]} Qxd2 {[%emt
0:00:38]} 23. Bxd2 {[%emt 0:00:04]} Rd8 {[%emt 0:00:15]} 24. Ba5 {[%emt
0:00:36]} Re8 {[%emt 0:00:23]} 25. Rfd1 {[%emt 0:00:14]} Nc6 {[%emt 0:00:16]}
26. Bc3 { [%emt 0:00:26]} Bxc3 {[%emt 0:00:33]} 27. Rxc3 {[%emt 0:00:10]} Kg7
{[%emt 0:00:25]} 28. Rdc1 {[%emt 0:00:38]} Nd4 {[%emt 0:00:08]} 29. Kf2 {[%emt
0:00:21]} h5 {[%emt 0:00:30]} 30. Nd3 {[%emt 0:00:42]} Be6 {[%emt 0:00:09]} 31.
b4 { [%emt 0:00:15]} Nb5 {[%emt 0:00:16]} 32. Rc5 {[%emt 0:00:22]} Na3 {[%emt
0:00:34]} 33. Ra1 {[%emt 0:00:31]} Nc4 {[%emt 0:00:02]} 34. Nf4 {[%emt
0:00:14]} Nd2 {[%emt 0:00:02]} 35. Nxe6+ {[%emt 0:00:06]} Rxe6 {[%emt 0:00:01]}
36. Rd1 { [%emt 0:00:09]} Nb3 {[%emt 0:00:02]} 37. Rc3 {[%emt 0:00:08]} Na5
{[%emt 0:00:02]} 38. bxa5 {[%emt 0:00:01]} Ra6 {[%emt 0:00:02]} 39. Ra1 {[%emt
0:00:02]} Rd6 {[%emt 0:00:03]} 40. Ke3 {[%emt 0:00:03]} Re6 {[%emt 0:00:02]}
41. a6 { [%emt 0:00:01]} Rd6 {[%emt 0:00:02]} 42. Rc7 {[%emt 0:00:01]} Re6
{[%emt 0:00:03]} 43. Rxa7 {[%emt 0:00:01]} Rb6 {[%emt 0:00:02]} 44. Rb7 {[%emt
0:00:01]} Rc6 {[%emt 0:00:01]} 45. a7 {[%emt 0:00:01]} Rc8 {[%emt 0:00:02]} 46.
a8=Q { [%emt 0:00:02]} Rxa8 {[%emt 0:00:01]} 47. Rxa8 {[%emt 0:00:00]} Kh6
{[%emt 0:00:01]} 48. Raa7 {[%emt 0:00:01]} f5 {[%emt 0:00:03]} 49. Rh7+ {[%emt
0:00:02]} Kg5 {[%emt 0:00:01]} 50. f4+ {[%emt 0:00:01]} Kg4 {[%emt 0:00:01]}
51. h3+ { [%emt 0:00:07]} Kg3 {[%emt 0:00:03]} 52. exf5 {[%emt 0:00:01]} Kh2
{[%emt 0:00:02]} 53. fxg6 {[%emt 0:00:02]} h4 {[%emt 0:00:01]} 54. g7 {[%emt
0:00:02]} Kg3 {[%emt 0:00:01]} 55. g8=Q+ {[%emt 0:00:02]} Kh2 {[%emt 0:00:01]}
56. Qb8 { [%emt 0:00:16]} Kg3 {[%emt 0:00:01]} 57. f5+ {[%emt 0:00:02]} Kxg2
{[%emt 0:00:04]} 58. Ra2+ {[%emt 0:00:02]} Kxh3 {[%emt 0:00:04]} 59. Qh2+
{[%emt 0:00:03]} Kg4 {[%emt 0:00:03]} 60. Qxh4+ {[%emt 0:00:02]} Kxf5 {[%emt
0:00:01]} 61. Qf4+ {[%emt 0:00:08]} Kg6 {[%emt 0:00:01]} 62. Ra6+ {[%emt
0:00:05]} Kxh7 {[%emt 0:00:01]} 63. Qc7+ {[%emt 0:00:01]} Kh8 {[%emt 0:00:02]}
64. Ra8# {[%emt 0:00:00] } 1-0

[Event "DSJ Weihnachtsturnier U16: Steinitz 2020"]
[Site ""]
[Date "2020.12.28"]
[Round "7"]
[White "Laucht, Philipp"]
[Black "Dixon Quiroz, Laura Michaela"]
[Result "1-0"]
[Termination "time forfeit"]
[Board "10.4"]
[WhiteElo "1481"]
[BlackElo "1304"]
[WhiteTeam "SK Johanneum Eppendorf"]
[BlackTeam "VSG 1880 Offenbach"]
[PlyCount "105"]
[WhiteFideId "16244869"]
[BlackFideId "16248708"]
[EventRounds "7"]
[EventType "team-swiss"]
[EventDate "2020.12.28"]

1. e4 {[%emt 0:00:03]} d5 {[%emt 0:00:04]} 2. exd5 {[%emt 0:00:03]} Qxd5 {
[%emt 0:00:02]} 3. Nc3 {[%emt 0:00:17]} Qd6 {[%emt 0:00:05]} 4. Nf3 {[%emt
0:00:22]} c6 {[%emt 0:00:11]} 5. Bc4 {[%emt 0:00:11]} Bg4 {[%emt 0:00:11]} 6.
O-O {[%emt 0:00:05]} e6 {[%emt 0:00:28]} 7. d3 {[%emt 0:00:08]} Nd7 {[%emt
0:00:37] } 8. Ne4 {[%emt 0:00:08]} Qc7 {[%emt 0:00:12]} 9. Be3 {[%emt 0:00:28]}
Be7 { [%emt 0:00:19]} 10. h3 {[%emt 0:00:23]} Bh5 {[%emt 0:00:05]} 11. Ng3
{[%emt 0:00:01]} Bg6 {[%emt 0:00:07]} 12. Bd4 {[%emt 0:00:54]} Ngf6 {[%emt
0:00:22]} 13. Qe2 {[%emt 0:00:12]} O-O {[%emt 0:00:05]} 14. Ne5 {[%emt
0:00:04]} Bd6 { [%emt 0:00:55]} 15. Nxd7 {[%emt 0:00:08]} Nxd7 {[%emt 0:00:10]}
16. Ne4 { [%emt 0:00:07]} Bh2+ {[%emt 0:00:15]} 17. Kh1 {[%emt 0:00:07]} b5
{[%emt 0:00:18]} 18. Bb3 {[%emt 0:00:05]} Be5 {[%emt 0:00:25]} 19. Bxe5 {[%emt
0:00:25]} Qxe5 {[%emt 0:00:09]} 20. Rab1 {[%emt 0:00:13]} Nc5 {[%emt 0:00:17]}
21. f3 { [%emt 0:00:11] SKJE2-004 offers a draw} Bxe4 {[%emt 0:00:57]} 22. fxe4
{ [%emt 0:00:08]} a5 {[%emt 0:00:21]} 23. a3 {[%emt 0:00:23]} Rad8 {[%emt
0:00:16]} 24. Ba2 {[%emt 0:00:13]} Rd7 {[%emt 0:00:17]} 25. Qd2 {[%emt
0:00:15]} Nxe4 {[%emt 0:00:12]} 26. Qxa5 {[%emt 0:00:08]} Ng3+ {[%emt 0:00:07]}
27. Kg1 { [%emt 0:00:07]} Nxf1 {[%emt 0:00:10]} 28. Kxf1 {[%emt 0:00:09]} Qf4+
{[%emt 0:00:28]} 29. Kg1 {[%emt 0:00:03]} Qe3+ {[%emt 0:00:30]} 30. Kh1 {[%emt
0:00:05]} Rd4 {[%emt 0:00:14]} 31. Qc3 {[%emt 0:00:08]} Rf4 {[%emt 0:00:25]}
32. Qxc6 { [%emt 0:00:25]} Qe2 {[%emt 0:00:18]} 33. Bb3 {[%emt 0:00:27]} Rf2
{[%emt 0:00:12]} 34. Rg1 {[%emt 0:00:05]} Rf5 {[%emt 0:00:22]} 35. Qc3 {[%emt
0:00:33]} Rf1 {[%emt 0:00:12]} 36. Rxf1 {[%emt 0:00:13]} Qxf1+ {[%emt 0:00:05]}
37. Kh2 { [%emt 0:00:02]} Qf4+ {[%emt 0:00:08]} 38. Kh1 {[%emt 0:00:03]
SKJE2-004 offers a draw} Qe3 {[%emt 0:00:15]} 39. Qc6 {[%emt 0:00:20]} Qc1+
{[%emt 0:00:04]} 40. Kh2 {[%emt 0:00:05]} Qf4+ {[%emt 0:00:05]} 41. g3 {[%emt
0:00:04]} Qf2+ { [%emt 0:00:04]} 42. Qg2 {[%emt 0:00:02]} Qxg2+ {[%emt
0:00:02]} 43. Kxg2 { [%emt 0:00:01]} Rd8 {[%emt 0:00:05]} 44. Kf3 {[%emt
0:00:02]} f5 {[%emt 0:00:04]} 45. a4 {[%emt 0:00:04]} bxa4 {[%emt 0:00:07]} 46.
Bxa4 {[%emt 0:00:08]} Rd6 {[%emt 0:00:03]} 47. Kf4 {[%emt 0:00:08]} Kf7 {[%emt
0:00:03]} 48. Bb3 { [%emt 0:00:04]} Kf6 {[%emt 0:00:02]} 49. Ke3 {[%emt
0:00:09]} g5 {[%emt 0:00:03]} 50. Kf3 {[%emt 0:00:11]} Ra6 {[%emt 0:00:05]} 51.
g4 {[%emt 0:00:06]} Ra1 {[%emt 0:00:06]} 52. gxf5 {[%emt 0:00:03]} exf5 {[%emt
0:00:04]} 53. Kg3 { [%emt 0:00:02] TimeB} 1-0